000 01076cam a2200337 i 4500
001 007685940
003 EG-ScBUE
005 20241002141529.0
008 740328t1974 maua f b 001 0 eng d
020 _a0201002884
020 _a9780201002881
040 _aUk
_beng
_erda
_cUk
_dEG-ScBUE
082 0 4 _a515
_bAPO
_222
100 1 _aApostol, Tom M.,
_eauthor.
_939581
245 1 0 _aMathematical analysis /
_cTom M. Apostol, California Institute of Technology.
250 _aSecond edition.
264 1 _aReading ;
_aLondon :
_bAddison-Wesley Longman,
_c[1974]
264 4 _cc1974
300 _axvii, 492 pages :
_billustrations ;
_c24 cm.
336 _2rdacontent
_atext
_btxt
337 _aunmediated
_2rdamedia
_bn
338 _avolume
_bnc
_2rdacarrier
490 0 _aAddison-Wesley series in mathematics
504 _aIncludes bibliographical references and index.
650 7 _aCalculus.
_2BUEsh
_92017
650 7 _aMathematical analysis.
_2BUEsh
_919895
651 _2BUEsh
653 _bENGGEN
_cMarch2016
655 _vReading book
_934232
942 _2ddc
_cBB
999 _c21439
_d21411